Sports Quiz

Random Sports or State Quiz

Iowa State Cyclones National Wrestling Team Titles Quiz Stats

 Plays Quiz not verified by Sporcle

Score 0/8 Timer 11:00
0 Plays Today
Coach Year % Correct
Jim Gibbions1987
100%
Harold Nichols1965
95.8%
Harold Nichols1969
95.8%
Harold Nichols1972
95.8%
Harold Nichols1970
95.8%
Harold Nichols1973
95.8%
Harold Nichols1977
91.7%
Hugh Otopalik1933
66.7%

You're not logged in!

Compare scores with friends on all Sporcle quizzes.
OR
Log In

Show Comments

Extras

Top Quizzes Today


Score Distribution

Your Account Isn't Verified!

In order to create a playlist on Sporcle, you need to verify the email address you used during registration. Go to your Sporcle Settings to finish the process.

Report this User

Report this user for behavior that violates our Community Guidelines.

Details: